000 00385nam a2200133Ia 4500
008 100328s9999 xx 000 0 und d
082 _b68551
100 _aपाटील विजया.
245 _aसेकंद सेकंद.
260 _bमुक्ता.
630 _aसेकंद सेकंद.
730 _aसेकंद सेकंद.
942 _cBOOK
999 _c554286
_d554283